000 00984nam a2200289 a 4500
001 51923
003 BD-RjUL
005 20211209075730.0
008 160904s1990 nyu b 001 0 eng
020 _a0029109310 :
_c$19.95
035 _a(BD-RjUL) 52043
040 _aDLC
_cDLC
_dBD-RjUL
_beng
041 _aeng
082 0 0 _a331.25
_223
_b FUW 1990
100 1 _aFucini, Joseph J.
_9155297
245 1 0 _aWorking for the Japanese :
_binside Mazda's American auto plant /
_cJoseph J. Fucini and Suzy Fucini.
260 _aLondon :
_bCollier Macmillan,
_cc1990.
300 _aviii, 258 p. ;
_c25 cm.
504 _aIncludes bibliographical references (p. [231]-252) and index.
610 2 0 _aMazda Motors of America (Central)
_9174394
610 2 0 _aMazda Motors of America (Central)
_9174394
650 _aPersonnel management
_9155299
650 _aMazda Motors of America (Central)
_9155298
650 _aEmployees
_9155300
700 1 _aFucini, Suzy.
_9155301
942 _2ddc
_cBK
999 _c51923
_d51923